000 00948nam a2200253Ia 4500
003 OSt
005 20220923210958.0
006 a|||||r|||| 00| 0
007 ta
008 220922b |||||||| |||| 00| 0 fre d
020 _a8130202867 (hbk)
_c150
024 _a260,406
037 _b535, 02/12/2011, H.K. Prakashan
_cTextual
040 _aARTS
_cARTS
_bfre
041 _2fre
_afre
082 _aO122,2M62,BB, 153Q0
100 _aਮੈਅਤਰਲੈ੍ਵਕ, ਮੋਰੀਸ; ਅਰੋੜਾ, ਰਮਣੀਕ
_9156774
245 0 _aਨੀਲ ਪੰਛੀ
260 _aਪਟਿਆਲਾ
_b ਪੰਜਾਬੀ ਯੂਨੀਵਰਸਿਟੀ
_c2010
300 _a108ਪੰ
_ccm.
650 _aਫਰੈ੍ਵਚ ਸਾਹਿਤ
942 _hO122,2M62,BB, 153Q0
_cTEXL
_2CC
999 _c293424
_d293424